Normal view
MARC view
- Dr. Raiz Ahmad
Entry Personal Name
001 - CONTROL NUMBER
- control field: 16121
003 - CONTROL NUMBER IDENTIFIER
- control field: NUST
005 - DATE AND TIME OF LATEST TRANSACTION
- control field: 20190701045557.0
008 - FIXED-LENGTH DATA ELEMENTS
- fixed length control field: 190701|| aca||aabn | a|a d
040 ## - CATALOGING SOURCE
- Original cataloging agency: NUST
- Transcribing agency: NUST
100 ## - HEADING--PERSONAL NAME
- Personal name: Dr. Raiz Ahmad
670 ## - SOURCE DATA FOUND
- Source citation: Work cat.: (NUST): Aftab, Main Tahir 16119, Jobs Scheduling and Worker Assisgment Problem To Minimize Makespan Using Ant Colony Optimization Metaheuristic, 2012.
